Bí mật của các doanh nghiệp chưa hề thất bại

সংরক্ষণ করুন:
গ্রন্থ-পঞ্জীর বিবরন
প্রধান লেখক: Uwayaki
বিন্যাস: গ্রন্থ
ভাষা:Undetermined
প্রকাশিত: Hà Nội Khoa học và Kỹ thuật 1995
বিষয়গুলি:
ট্যাগগুলো: ট্যাগ যুক্ত করুন
কোনো ট্যাগ নেই, প্রথমজন হিসাবে ট্যাগ করুন!
Thư viện lưu trữ: Trung tâm Học liệu Trường Đại học Cần Thơ
LEADER 00578nam a2200181Ia 4500
001 CTU_36883
008 210402s9999 xx 000 0 und d
020 |c 11000 
082 |a 658.47 
082 |b U95 
100 |a Uwayaki 
245 0 |a Bí mật của các doanh nghiệp chưa hề thất bại 
245 0 |c Uwayaki; Dịch giả: Vũ Bội Tuyền 
260 |a Hà Nội 
260 |b Khoa học và Kỹ thuật 
260 |c 1995 
650 |a Business intelligence,Managerial economics 
980 |a Trung tâm Học liệu Trường Đại học Cần Thơ